000 01077nam a22003137a 4500
001 BR8201081
003 BR-BrBNA
005 20230928091239.0
007 ta
008 230509b bl.||||| |||| 00| 0 por d
040 _aBR-BrBNA
_bpor
_cBiblioteca Nacional de Agricultura
041 _a(Por)
072 _aH00; N20
_b4650
090 _ 4650 BR8201081
100 1 _aChristofoletti, J.C.
110 1 _aCentro Nacional de Engenharia Agricola, Sorocaba, SP (Brasil)
_91718
245 1 _aAviacao agricola: determinacao da dosagem de aplicacao e voo de calibracao para equipamentos de pulverizacao [Pulverizacao aerea; Defensivo]
246 1 _a[Farm aviation: Determination of application dose and calibration flight for spraying equipments [Aerial spraying; Pesticide]]
260 3 _aSorocaba, SP (Brasil):
_c1981.
300 _a24 p.
650 _aDefesa vegetal
650 _aEquipamento rural
650 _aDefensivo
650 _aPulverizacao aerea
650 _aAviao
650 _aAviacao agricola
909 _a202309
_bLucia
_c55
_dLucia Elande
942 _cBK
999 _c33026
_d33026